000 00513cam a2200193 4500
008 090401t1973 xxu||||| |||| 00| 0 eng d
020 _a0421198400
035 _a(Sirsi) u7094
041 _aeng
050 _a692.8
100 _aWallace, Ian Norman Duncan
245 _aBuilding and civil engineering standard forms
260 _aLondon
_bSweet and Maxwell
_c1973
300 _a(52)p. 23cm. Sd
350 _a1.5
520 _a2nd supplement; Up to date March 1 1973
942 _n0
948 _c04/03/1997
999 _c86390
_d86390